header

Peripheries in Kashmiri and Hindi-Urdu (Record no. 223718)

MARC details
000 -LEADER
fixed length control field 01578nam a2200373Ia 4500
082 04 - DEWEY DECIMAL CLASSIFICATION NUMBER
Classification number 491.4
100 1# - MAIN ENTRY--AUTHOR NAME
Personal name Manetta, Emily.
245 10 - TITLE STATEMENT
Title Peripheries in Kashmiri and Hindi-Urdu
260 ## - PUBLICATION, DISTRIBUTION, ETC. (IMPRINT)
Place of publication Amsterdam ;
-- Philadelphia :
Name of publisher John Benjamins,
Year of publication 2011.
300 ## - PHYSICAL DESCRIPTION
Number of Pages ix, 160 p.
490 1# - SERIES STATEMENT
Series statement Language faculty and beyond ;
500 ## - GENERAL NOTE
General note Originally presented as the author's thesis (doctoral-University of California, Santa Cruz) under the title: Peripheries in Kashmiri and Hindi-Urdu.
650 #0 - SUBJECT ADDED ENTRY--TOPICAL TERM
Topical Term Grammar, Comparative and general
Topical Term Kashmiri language
Topical Term Hindi language
Topical Term Urdu language
856 40 - ELECTRONIC LOCATION AND ACCESS
Uniform Resource Identifier http://site.ebrary.com/lib/rucke/Doc?id=10484067

No items available.

© 2026 Rongo University
Contact us: librarian | system librarian | Rongo university